Copa do Mundo - Bola de Bronze - Statistics

Estatísticas Gerais
  • Esse quiz foi jogado 41 vezes
    23 desde o último reset
  • A pontuação média é 10 de 22
Estatísticas das Respostas
Ano Seleção Jogador % Correto
2022 Croácia Luka Modrić
94%
2018 França Antoine Griezmann
88%
2014 Holanda Arjen Robben
88%
1990 Argentina Diego Maradona
82%
2010 Espanha David Villa
76%
2006 Itália Andrea Pirlo
71%
1966 Portugal Eusébio
71%
1970 Alemanha Gerd Müller
59%
1994 Bulgária Hristo Stoichkov
53%
1958 França Just Fontaine
53%
1982 Alemanha Karl-Heinz Rummenigge
41%
1998 França Lilian Thuram
41%
1950 Brasil Ademir / Ademir de Menezes
29%
2002 Coreia do Sul Hong Myung-bo / Hong
29%
1978 Brasil Dirceu
18%
1962 Chile Leonel Sánchez
18%
1986 Dinamarca Preben Elkjær Larsen
18%
1954 Alemanha Fritz Walter
12%
1938 Hungria György Sárosi
12%
1930 Uruguai José Leandro Andrade
12%
1974 Polônia Kazimierz Deyna
12%
1934 Tchecoslovaquia Oldřich Nejedlý
12%
Nenhum quiz correspondente encontrado
Distribuição das Pontuações
Porcentagem de Pessoas com Cada Pontuação
Percentil de Números Respondidos
Sua Pontuação Histórica
Você não jogou esse quiz desde o último reset